| 000 | 00592nam a2200193 a 4500 | ||
|---|---|---|---|
| 005 | 20240411063714.0 | ||
| 008 | 991125s1981 mx 000 0 spa u | ||
| 020 | _a9684001975 | ||
| 035 | _aUPN01000001847 | ||
| 049 | _aCG | ||
| 050 | 4 |
_aF1227 _bC3.2 |
|
| 100 | 1 | _aCampo Jáuregui, Juan del | |
| 245 | 1 | 0 |
_aAlma mater, conciencia ibérica : _bapuntes para una historia común iberoamericana / _cJuan del Campo Jáuregui. |
| 260 |
_aMéxico : _bCosta Amic, _cc1981. |
||
| 300 |
_a235 p. : _bil. |
||
| 651 | 4 |
_aMéxico _xHistoria _94558 |
|
| 651 | 4 |
_aESPAÑA - _xHISTORIA _914368 |
|
| 905 | _aLibro | ||
| 999 |
_c1847 _d1847 |
||